000 00780njm a2200277Ia 4500
001 32944
003 IT-RoPAU
005 20220918181138.0
008 131025s9999 xx 000 0 und d
040 _aIT-RoPAU
040 _cIT-RoPAU
041 _aITALIANO
999 _c101061
_d101061
999 _bNO
100 _aVitalini Alberico
_915389
100 _eAutore musica
_918879
100 _gCodice autore musica SPICS: 11335
_915391
245 _aCanti d'ingresso per la santa messa
250 _a1a ed.
260 _aCITTA' DEL VATICANO
260 _bRADIO VATICANA
_c1985 [1a Ed.:1985]
300 _aMUSICASSETTA
300 _c300 minuti (Testo: pag.)
500 _aMusica religiosa, liturgica.
650 _aLITURGICO [CASSETTE]
_eCodice MATERIA SPICS: 9951
_95632
942 _cMC
_2ddc